|
|
|
|
| LEADER |
02963nam a2200445Ka 4500 |
| 001 |
bslw06346676 |
| 003 |
UtOrBLW |
| 005 |
20101115152719.0 |
| 006 |
m d |
| 007 |
cr un||||||||| |
| 008 |
101115s2003 enk o 000 0 eng d |
| 020 |
|
|
|a 9781849501972 (electronic bk.) :
|c £67.95 ; €99.95 ; $106.95
|
| 040 |
|
|
|a UtOrBLW
|c UtOrBLW
|d GrThAP
|
| 050 |
|
4 |
|a HB74.5
|b .D63 2003
|
| 072 |
|
7 |
|a KCA
|2 bicssc
|
| 072 |
|
7 |
|a ECO
|2 bicssc
|
| 072 |
|
7 |
|a SCI000000
|2 bisacsh
|
| 072 |
|
7 |
|a BUS041000
|2 bisacsh
|
| 080 |
|
|
|a 330.8
|
| 082 |
0 |
4 |
|a 330
|2 22
|
| 245 |
0 |
0 |
|a Documents on modern history of economic thought
|h [electronic resource] :
|b Pt. C.
|
| 260 |
|
|
|a Bingley, U.K. :
|b Emerald,
|c 2003.
|
| 300 |
|
|
|a 1 online resource (301 p.).
|
| 490 |
1 |
|
|a Research in the history of economic thought and methodology,
|x 0743-4154 ;
|v v. 21, pt. 3
|
| 505 |
0 |
|
|a Victor E. Smith's notes from University of Cambridge lectures, 1954-1955 / Warren J. Samuels -- The 1974 editor's report of the Journal of economic issues / Warren J. Samuels -- The Journal of economic issues / Warren J. Samuels -- Institutional economics : restrospect and prospect, 1968 / Warren J. Samuels -- Martin G. Glaeser's autobiographical notes -- Toward a bibliography of Edgeworth's writings -- Victor E. Smith's notes on William Jaffé's lectures on general equilibrium, 1938-1939 / Warren J. Samuels -- Victor E. Smith's notes on William Jaffé's seminars on Keynes, spring 1939 / Warren J. Samuels.
|
| 520 |
|
|
|a This work contains seven documents from the history of economics: Four sets of lecture notes taken by Victor E. Smith, two from courses given by William Jaffe at Northwestern University, on general equilibrium theory and on Keynes, from 1938-39, and one from lectures given at the University of Cambridge during 1954-55. It includes two documents from the history of Institutional Economics, one the 1974 Editor's Report on the Journal of Economic Issues - on the conflicts then rampant - and the other, an exposition of the past and future of Institutional Economics, both by Warren J. Samuels. It also includes a set of autobiographical notes by the Wisconsin institutionalist, Martin G. Glaeser, and a bibliography of the writings of F.Y. Edgeworth by Alberto Baccini.
|
| 650 |
|
7 |
|a Science
|x General.
|2 bisacsh
|
| 650 |
|
7 |
|a Business & Economics
|x Management.
|2 bisacsh
|
| 650 |
|
7 |
|a Economic theory & philosophy.
|2 bicssc
|
| 650 |
|
0 |
|a Economics
|x Study and teaching (Higher)
|
| 650 |
|
0 |
|a Economics
|x Methodology.
|
| 650 |
|
0 |
|a Economics
|x Research.
|
| 700 |
1 |
|
|a Glaeser, Martin G.
|q (Martin Gustav)
|
| 700 |
1 |
|
|a Samuels, Warren J.,
|d 1933-
|
| 700 |
1 |
|
|a Smith, Victor E.
|
| 700 |
1 |
|
|a Jaffé, William.
|
| 776 |
1 |
|
|z 9780762309986
|
| 830 |
|
0 |
|a Research in the history of economic thought and methodology ;
|v v. 21, pt. 3.
|
| 856 |
4 |
0 |
|u http://www.emeraldinsight.com/doi/book/10.1016/S0743-4154(2003)21_Part_3
|z Full Text via HEAL-Link
|
| 913 |
|
|
|1 BMEbacklist
|